000 00772nam a22002057a 4500
003 OSt
005 20260122194345.0
008 230308b ||||| |||| 00| 0 eng d
040 _cOst
041 _ashan
082 _a959.116
245 _aပိုၼ်းတႆး
_cမုၵ်ႉၸုမ်းလိၵ်ႈလႄႈၽိင်ႈငႄႈတႆးတွင်ႇၵျီး
260 _c2015
300 _a51 ၼႃႈ
_bႁၢင်း (သီ)
_c20 ၸိၼ်ႇထီႇ
500 _aS-SAT: Dr. Prof Sai Aung Tun
500 _aပပ်ႉၸဝ်ႈတႃႇၼႁင်းၶေႃ တွၵ်ႉတိူဝ်ႉၸၢႆးဢွင်ႇထုၼ်း။
650 _aပိုၼ်းတႆး
_920580
942 _cBK1
942 _2ddc
999 _c22992
_d22992